000 00977nas a2200301 4500
001 BR2016001537
003 BR-BrBNA
005 20231205130248.0
007 ta
008 230509b bl.|||p| |||| 00| 00por d
040 _aBR-BrBNA
_bpor
_cBiblioteca Nacional de Agricultura
041 _a(En)
072 _aL01; L10
100 1 _aZhao, X.H.I.
100 1 _aLi, M.Y.
100 1 _aXu, S.S.
100 1 _aLiu, G.J.
245 1 _aSingle nucleotide polymorphisms in IGFBP-2 gene and their associations with body weight traits on jinghai yellow chicken
650 _aGALINHA
650 _aPESO
650 _aRECURSO GENÉTICO
650 _aGENE
650 _aPRODUÇÃO ANIMAL
773 0 _tRevista Brasileira de Ciência Avícola (Brazil)
_xISSN 1806-9061
_g(Oct-Dec 2015), v. 17(4) p. 497-502
_wBR2016001537
856 4 0 _uhttp://www.scielo.br/pdf/rbca/v17n4/1516-635X-rbca-17-04-00497.pdf
909 _a202311
_bLúcia
_c55
_dLúcia Elande
942 _2AGRIS
_n0
_cANA
999 _c248521
_d248521